| 000 | 00739nam a2200205 a 4500 | ||
|---|---|---|---|
| 001 | BRCA_1626 | ||
| 005 | 20190320203501.0 | ||
| 008 | 290508s1986----mx-a---###---#000-0#spa-# | ||
| 020 | _a9686658067 | ||
| 050 | 4 |
_aND259.R5 _b.P56 1986 |
|
| 245 | 1 | 0 |
_aDiego Rivera _bpintura de caballete y dibujo _ctextos y selección de cuadros Olivier Debroise ; fotografía Enrique Franco Trojillos. |
| 260 |
_aMéxico _bFondo Editorial de la Plastica Mexicana _c1986 |
||
| 300 |
_a158 p. _bil. a color _c46 cm. |
||
| 500 | _aIncluye índice de obras | ||
| 504 | _aBibliografía: p. 15 | ||
| 600 | 1 | 4 |
_aRivera, Diego _d1886-1957 _xColecciones de arte _95089 |
| 700 | 1 |
_aDebroise, Olivier _95090 |
|
| 700 | 1 |
_aFranco Torrijos, Enrique _9625 |
|
| 942 |
_2lcc _cB |
||
| 999 |
_c1432 _d1432 |
||